Central Library and Information Centre
Sibsagar Girls' College, Sivasagar : Assam

CHEMISTRY OF TRANSITION ELIMENTS (Record no. 26158)

MARC details
000 -LEADER
fixed length control field 00570cam a2200181ua 4500
001 - CONTROL NUMBER
control field 22910
008 - FIXED-LENGTH DATA ELEMENTS--GENERAL INFORMATION
fixed length control field 190625n2017 II |||gr||||Z||||||eng
082 ## - DEWEY DECIMAL CLASSIFICATION NUMBER
Classification number 542
100 1# - MAIN ENTRY--PERSONAL NAME
Personal name YADAV, M.S.,
Relator term AUTHOR.
245 ## - TITLE STATEMENT
Title CHEMISTRY OF TRANSITION ELIMENTS
Medium Textual Documents
250 ## - EDITION STATEMENT
Edition statement 1ST.
260 ## - PUBLICATION, DISTRIBUTION, ETC.
Place of publication, distribution, etc. NEW DELHI
Name of publisher, distributor, etc. DOMINENT PUBLISHER AND DISTRIBUTORS
Date of publication, distribution, etc. 2017
300 ## - PHYSICAL DESCRIPTION
Extent 229.:
Dimensions 20CM+
Accompanying material HB.
500 ## - GENERAL NOTE
General note RUSA MDC GRANT 2014-2017
653 ## - INDEX TERM--UNCONTROLLED
Uncontrolled term Techniques, equipment & materials
700 1# - ADDED ENTRY--PERSONAL NAME
Personal name YADAV, M.S.,1
Relator term AUTHOR.,
Holdings
Withdrawn status Lost status Source of classification or shelving scheme Damaged status Not for loan Collection code Home library Current library Shelving location Date acquired Source of acquisition Cost, normal purchase price Full call number Barcode Date last seen Price effective from Koha item type Public note
    Dewey Decimal Classification     TBCHE Central Library and Information Centre Sibsagar Girls College Central Library and Information Centre Sibsagar Girls College CHEMISTRY BOOK RACK 01.09.2017 GYANAM, SVR 950.00 542 YAD 35872 01.07.2022 01.07.2022 Books V


Sibsagar Girl's College © 2020. All rights reserved.
Powered by Koha.
Maintained by Abhijit Borpuzari.